Transactions of the ... Symposium on Ballistic Missile and Space Technology.

Includes only unclassified papers.

Bibliographic Details
Previous Title:Symposium on Ballistic Missile and Space Technology. Ballistic missile and aerospace technology.
Corporate Author: Symposium on Ballistic Missile and Space Technology
Format: Conference Proceeding
Language:English
Published: Los Angeles : Headquarters, Office of the Deputy Commander, Air Force Systems Command, 1962-
Subjects:
Online Availability: Check for online availability

MARC

Tag First Indicator Second Indicator Subfields
LEADER 00000cas a2200000 a 4500
001 in00000036983
008 771221u1962uuuucauar 1 a0eng d
005 20260624155654.2
022 |a 0586-2728 
035 |a (OCoLC)447861338 
040 |a AAA  |b eng  |c AAA  |d OCLCQ  |d OCLCF  |d OCLCO  |d OCL  |d OCLCO  |d OCLCQ  |d OCLCO  |d OCLCQ 
050 1 4 |a TL787  |b .S9 
111 2 |a Symposium on Ballistic Missile and Space Technology. 
245 1 0 |a Transactions of the ... Symposium on Ballistic Missile and Space Technology. 
264 1 |a Los Angeles :  |b Headquarters, Office of the Deputy Commander, Air Force Systems Command,  |c 1962- 
300 |a volumes :  |b illustrations ;  |c 28 cm 
310 |a Annual 
336 |a text  |b txt  |2 rdacontent 
337 |a unmediated  |b n  |2 rdamedia 
338 |a volume  |b nc  |2 rdacarrier 
362 0 |a 7th (13-16 August 1962)- 
500 |a Issued in multiple volumes. 
520 |a Includes only unclassified papers. 
650 0 |a Astronautics  |v Congresses. 
650 0 |a Ballistic missiles  |v Congresses. 
650 7 |a Astronautics.  |2 fast  |0 (OCoLC)fst00819505 
650 7 |a Ballistic missiles.  |2 fast  |0 (OCoLC)fst00826097 
655 7 |a Conference papers and proceedings.  |2 fast  |0 (OCoLC)fst01423772 
780 0 0 |a Symposium on Ballistic Missile and Space Technology.  |t Ballistic missile and aerospace technology.  |w (OCoLC)8435921 
948 |h NO HOLDINGS IN TXA - 1 OTHER HOLDINGS 
994 |a Z0  |b TXA 
999 f f |s a387ef6b-f5f2-389c-a99d-3cdcbb4e6a17  |i 45bb7eed-3ec9-358e-9848-4a5bc13c4332  |t 0 
952 f f |a Texas A&M University  |b Rellis Campus  |c Joint Library Facility  |d Remote Storage  |e TL787 .S9  |h Library of Congress classification  |i unmediated -- volume  |k 8th:v.2  |l 1963  |m A14809483529  |p ric  |s JLF  |t 0 
952 f f |a Texas A&M University  |b Rellis Campus  |c Joint Library Facility  |d Remote Storage  |e TL787 .S9  |h Library of Congress classification  |i unmediated -- volume  |k 7th:v.2  |l 1962  |m A14852866517  |p ric  |s JLF  |t 0 
952 f f |a Texas A&M University  |b Rellis Campus  |c Joint Library Facility  |d Remote Storage  |e TL787 .S9  |h Library of Congress classification  |i unmediated -- volume  |k 9th:v.1  |l 1964  |m A14852866251  |p ric  |s JLF  |t 0 
952 f f |a Texas A&M University  |b Rellis Campus  |c Joint Library Facility  |d Remote Storage  |e TL787 .S9  |h Library of Congress classification  |i unmediated -- volume  |k 8th:v.1  |l 1963  |m A14852866384  |p ric  |s JLF  |t 0 
952 f f |a Texas A&M University  |b Rellis Campus  |c Joint Library Facility  |d Remote Storage  |e TL787 .S9  |h Library of Congress classification  |i unmediated -- volume  |k 7th:v.1  |l 1962  |m A14852866640  |p ric  |s JLF  |t 0 
952 f f |a Texas A&M University  |b Rellis Campus  |c Joint Library Facility  |d Remote Storage  |e TL787 .S9  |h Library of Congress classification  |i unmediated -- volume  |k 9th:v.2  |l 1964  |m A14852866780  |p ric  |s JLF  |t 0 
998 f f |a TL787 .S9  |s 7th (1962)-9th (1964)  |t 0  |l Remote Storage